000 02190nam a2200409 i 4500
003 DO-SdBNP
005 20250916101735.0
007 ta
008 240321b2013 dr ab||| |||| 00| 0 spa d
020 _a9789945007671
040 _aDO-SdBNP
_bspa
_cBNPHU
_erda
082 4 _a306.362097293
_bA333m, 2013
_222
100 1 _aAlbert Batista, Celsa,
_d1942-
_eautor
_4aut.
_930639
245 1 0 _aMujer y esclavitud en Santo Domingo /
_cCelsa Albert Batista ; prólogo, Carmen Durán Jourdain, José Antinoe Fiallo Billini.
250 _acuarta edición
264 1 _aSanto Domingo :
_bINDAASEL,
_c2013.
300 _a188 páginas :
_bilustraciones, retratos ;
_c21 cm.
336 _atexto
_btxt
_2rdacontent
337 _asin mediación
_bn
_2rdamedia
338 _avolumen
_bnc
_2rdacarrier
500 _aIncluye referencias bibliográficas y notas al pie de las páginas.
500 _aIncluye datos biográficos del autor en las solapas
500 _aIncluye índice de figuras
504 _aBibliografía : páginas 179-186
505 0 _aPresencia de la mujer africana en la isla Española --
_tPresentación --
_tPrólogo para la segunda edición --
_tPrólogo para la tercera edición --
_tIntroducción --
_tPresencia de la mujer africana en la isla la española --
_tIntegración de la mujer de origen africano al sistema escalvista durante la época colonial --
_tLas relaciones interetnicas y su significación social para América Latina y Santo Domingo --
_tLa mujer de origen africano en el proceso de formulación cultural dominicano.
_tBibliografía.
590 _aInventariado, 2024/BT
650 4 _aMujeres esclavas
_930640
650 4 _aMujeres en República Dominicana
_92066
650 4 _aMujeres negras
_zRepública Dominicana
_xHistoria
_yGobierno Colonial Español, 1511-1795
_930641
650 4 _aEsclavitud en República Dominicana
_xHistoria
_921364
650 0 _aEsclavitud
_921367
700 1 _aDurán Jourdain, Carmen,
_eprologuista
_930642
_4pr.
700 1 _aFiallo Billini, José Antinoe
_d1944-
_eprologuista
_4pr.
_910159
710 1 _aCentro Dominicano de Estudios de la Educación (CEDEE), República Dominicana
_974321
910 _aBtavárez
942 _2ddc
_cLBS1
999 _c56170
_d56170